| 000 | 00507nam a2200145Ia 4500 | ||
|---|---|---|---|
| 008 | 1979xxk er 0 1 0 eng | ||
| 020 | _a723407444 | ||
| 040 | _aNG-ZaABU | ||
| 100 | _aFrey, D. | ||
| 245 | 2 |
_aA Colour Atlas of Pathogenic Fungi _cby D. Frey, R.J.Oldfield and R.C. Bridger |
|
| 260 |
_aLondon: _bWolfe Medical Publications _c1979 |
||
| 300 | _a168p.:ill. | ||
| 700 | _aOlds, R.J.;Bridger, R.C. | ||
| 999 |
_c2540 _d2540 |
||